Catálogo

Vista normal Vista MARC

Entrada Personal Name

Número de registros utilizados en: 2

001 - CONTROL NUMBER

  • control field: 11098

003 - CONTROL NUMBER IDENTIFIER

  • control field: DLC

005 - DATE AND TIME OF LATEST TRANSACTION

  • control field: 20220909143410.0

008 - FIXED-LENGTH DATA ELEMENTS

  • fixed length control field: 840725n| azannaabn |b aaa

010 ## - LIBRARY OF CONGRESS CONTROL NUMBER

  • LC control number: n 84010041

035 ## - SYSTEM CONTROL NUMBER

  • System control number: (OCoLC)oca01151291

035 ## - SYSTEM CONTROL NUMBER

  • System control number: (Uk)001169140

040 ## - CATALOGING SOURCE

  • Original cataloging agency: DLC
  • Language of cataloging: spa
  • Transcribing agency: Mx-PuUPA
  • Modifying agency: DLC
  • Modifying agency: OCoLC
  • Modifying agency: Uk
  • Description conventions: rda
  • Modifying agency: DLC
  • Modifying agency: Mx-PuUPA

046 ## - SPECIAL CODED DATES

  • Birth date: 1947-

053 #0 - LC CLASSIFICATION NUMBER

  • Classification number element--single number or beginning number of span: PS3619.O3738

100 1# - HEADING--PERSONAL NAME

  • Personal name: Sobel, Dava,
  • Dates associated with a name: 1947-

370 ## - ASSOCIATED PLACE

  • Place of birth: Bronx, Nueva York, Estados Unidos
  • Associated country: Estados Unidos

374 ## - OCCUPATION

  • Occupation: Autora

375 ## - GENDER

  • Gender: mujer

377 ## - ASSOCIATED LANGUAGE

  • Language code: eng

400 1# - SEE FROM TRACING--PERSONAL NAME

  • Personal name: סובל, דווה

670 ## - SOURCE DATA FOUND

  • Source citation: Klein, A.C. Backache relief, c1985:
  • Information found: CIP t.p. (Dava Sobel)

670 ## - SOURCE DATA FOUND

  • Source citation: Her Arthritis, c1989:
  • Information found: t.p. (Dava Sobel) p. 473 (b. 1947)

670 ## - SOURCE DATA FOUND

  • Source citation: Longitude, 2007:
  • Information found: t.p. (Dava Sobel)

670 ## - SOURCE DATA FOUND

  • Source citation: Communication from author's agent, 25 Aug. 2011
  • Information found: (Dava Sobel wrote medical books prior to Longitude and other books on scientific topics)

670 ## - SOURCE DATA FOUND

  • Source citation: Amazon.com, viewed on 07-17-2015:
  • Information found: (Dava Sobel; (born June 15, 1947) is the author of Longitude, Galileo's Daughter, The Planets, and most recently A More Perfect Heaven: How Copernicus Revolutionized the Cosmos. A former staff science reporter for The New York Times, she has also written for numerous magazines, including Discover, Harvard Magazine, Smithsonian, and The New Yorker. Her work has won recognition from the National Science Board, which gave her its 2001 Individual Public Service Award "for fostering awareness of science and technology among broad segments of the general public." She also received the 2004 Harrison Medal from the Worshipful Company of Clockmakers in England and the 2008 Klumpke-Roberts Award from the Astronomical Society of the Pacific for "increasing the public understanding and appreciation of astronomy." A 1964 graduate of the Bronx High School of Science, she has taught several seminars in science writing at the university level, and held a two-year residency at Smith College in fall 2013)